1237 1663 1818 1113 1487 1871 1991 1926 1037 1668 1354 1650 1938 1570 1373 1556 1689 1933 1664 1396 1776 1376 1170 1411 1555 1310 1718 1380 1271 1267 1898 1256 1041 1092 1234 1857 1755 1777 1534 1132 1266 1999 1402 1639 1329 1318 1729 1814 1763 1476 1395 1007 1566 1075 1973 1189 1651 1222 1566 1727 1767 1123 1620 1265 1844 1380 1074 1390 1173 1742 1674 1385 1118 1378 1468 1581 1149 1730 1641 1151 1737 1724 1921 1452 1580 1240 1124 1580 1232 1928 1061 1935 1212 1980 1659 1337 1664 1206 1176 BCNSPRNW ULIB Ver.6.0+V

เปลี่ยนเป็นภาษาไทย

Change to English
 แสดงรายละเอียดบรรณานุกรม
  กลับหน้าหลัก

Brief Record : Get Marc (ISO 2709) : E-mail record : QR code < ปิดหน้าต่าง
LEADER : 00000nam 2200000uu 4500
001    13399114044
003     ULIB
008    120203s2549||||th 000 0 tha d
020    ^a9747634228
020    ^a9789747634228
060 04 ^aQT104^bท288ส 2549
245 00 ^aสาระสำคัญวิชาสรีรวิทยา /^cบรรณาธิการ ทวีศักดิ์ บูรณวุฒิ,วารี พร้อมเพชรรัตน์
250    ^aพิมพ์ครั้งที่ 2
260    ^aนนทบุรี :^bโครงการตำรา วพม.,^c2549
300    ^axii, 418 หน้า :^bภาพประกอบ ;^c30 ซม.
440  0 ^aโครงการตำรา วพม.^vเล่มที่ 1/2543
500    ^a30 ปี วิทยาลัยแพทยศาสตร์พระมงกุฏเกล้า
504    ^aบรรณานุกรม
650  7 ^aสรีรวิทยา
700 0  ^aทวีศักดิ์ บูรณวุฒิ,^eบรรณาธิการ
700 0  ^aวารี พร้อมเพชรรัตน์,^eบรรณาธิการ
710 2  ^aวิทยาลัยแพทยศาสตร์พระมงกุฏเกล้า
945    ^p500^l0^i14489
945    ^p500^l0^i14488
945    ^p500^l0^i25247
995    ^aกัณชพร
999 ^a ใช้งานได้ทุกระบบ
รายการนี้ยังไม่มีแท็ก
คุณยังไม่ได้ล็อกอิน คุณสามารถมีกิจกรรมร่วมกับเว็บไซต์ได้ แต่ต้องล็อกอินก่อน ::
  ล็อกอิน

รายการสื่อสารสนเทศ

ลำดับที่ ประเภท เลขเรียก/บาร์โค้ด สถานที่ สถานะ
- ไม่พบข้อมูล -

รายการใกล้เคียง
    หัวเรื่อง [สรีรวิทยา]

BibComment


ยังไม่เคยถูกคอมเมนท์

คอมเมนท์ทรัพยากรรายการนี้
  คอมเมนท์: สาระสำคัญวิชาสรี..


 Copyright 2026. Bcnsprnw @Library